000 00569nam a22001817a 4500
999 _c101699
_d101699
005 20181204145124.0
010 _aENG-115608
020 _a9789351439684
_c1350.00
035 _aEN-99140
037 _bDBAD/PUB
082 _a346.54066
245 _aThe companies act, 2016 (Act 18 of 2013) with rules and forms /
250 _a4th ed
260 _aGurgaon
_bLexis Nexis
_c2016
270 _a14th Floor, Building No.10, Tower-B, DLF Cyber City, Phase-II
_bGurgaon
_e122002
300 _axv,1984p.
_c24cm(pbk)
942 _2ddc
_cEN
_mLEX
_h346.54066